[Event "8th London Classic 2016"]
[Site "London ENG"]
[Date "2016.12.18"]
[Round "9.3"]
[White "Giri, Anish"]
[Black "Caruana, Fabiano"]
[Result "1/2-1/2"]
[WhiteTitle "GM"]
[BlackTitle "GM"]
[WhiteElo "2771"]
[BlackElo "2823"]
[WhiteFideId "24116068"]
[BlackFideId "2020009"]
[EventDate "2016.12.09"]

1. d4 d5 2. Nf3 Nf6 3. c4 dxc4 4. e3 e6 5. Bxc4 c5 6. O-O a6 7. b3 cxd4 8. Nxd4
Bd7 9. Bb2 Nc6 10. Nf3 Be7 11. Nbd2 O-O 12. Rc1 Rc8 13. Qe2 Nb4 14. a3 b5 15.
axb4 bxc4 16. Nxc4 Bxb4 17. Ra1 Bb5 18. Nd4 Bxc4 19. bxc4 a5 20. Rfc1 Nd7 21.
Nb3 Qg5 22. c5 Nxc5 23. Nxa5 Ne4 24. Nc6 Bc5 25. Nd4 Bxd4 26. Bxd4 Rxc1+ 27.
Rxc1 e5 28. Bb2 Rd8 29. Rd1 Rxd1+ 30. Qxd1 h5 31. Qd3 Nf6 32. h3 e4 33. Qd8+ Kh7
34. Qe7 Qg6 35. Bxf6 gxf6 36. Qc5 Kg7 37. Qd5 f5 38. Qe5+ Qf6 39. Qg3+ Kh7 40.
Kh2 Qe7 41. Qf4 Kg6 42. Kg3 Qd8 43. Qe5 Qg5+ 44. Kh2 Qd8 45. Qg3+ Kh7 46. Qf4
Kg6 47. Qe5 Qd2 48. Qg3+ Kh6 49. Qf4+ Kg6 50. Qg3+ Kh6 51. Qh4 Qd6+ 52. Qf4+
Qxf4+ 53. exf4 Kg6 54. Kg1 Kg7 55. Kf1 Kf6 56. Ke2 Ke6 57. Kd2 Kd6 58. Ke2 Ke6 1/2-1/2